Datum a čas kvízu
28
Celkem bodů
Celkový počet nahraných bodů na tomto kvízu bez doplňovacích otázek.
4.
Pořadí na kvízu
Konečné umístění týmu na tomto kvízu.
Zaznamenané odpovědi
| # | Otázka | Odpověď | Body | Výsledky |
|---|---|---|---|---|
| 1. | Dívali jste se v sobotu během... | 1 | ||
| 2. | Mimořádně výhodná akce na jede... | 0 | ||
| 3. | Nominacím na Oscary vévodí fil... | 1 | ||
| 4. | Americká firma Nike představil... | 1 | ||
| 5. | Zimní fotbalovou Tipsport ligu... | 0 | ||
| 6. | Rok 1989 si přirozeně spojujem... | 1 | ||
| 7. | Je samozřejmé, že události v z... | 1 | ||
| 8. | V tomto roce skončil i komunis... | 1 | ||
| 9. | Nejen politikou živ je člověk.... | 0 | ||
| 10. | Lidé narození roku 1989 patří... | 1 |